00398nam a2200157Ia 4500003000400000008004100004040001600045082001300061100001600074245004400090260003400134300001000168490002500178650001500203650002200218GCL140319s9999 xx 000 0 eng d aGCL / cGCL04a843bZ C1 aZOLA, EMILE10aLA CONQUETE DE PLASSANS / cZOLA, EMILE a[S.N] : bFASQUELLE ، c1990 a470 P aLE LIVRE DE POCHEv004aLITERATURE04aFRENCH LITERATURE